Personnalités nées à Caen - Statistiques

Statistiques générales
  • Ce quiz a été pris 225 fois
  • Le résultat moyen est 2 sur 6
Statistiques - réponses
Année de naissance Profession / Fonction Personnage % Correct
1555 Ecrivain / Nom donné au club de football de Caen François de Malherbe
89%
1831 Préfet de Paris / Décisions en faveur de l'hygiène,nom donné au stockage de déchets Eugène Poubelle
53%
1987 Footballeur / Gardien de but à Rennes puis à Bordeaux Benoît Costil
52%
1972 Acteur / Les Petits Mouchoirs Gilles Lellouche
20%
1940 Journaliste sur RTL / Arbitre le débat Giscard-Mitterrand en 1974 Alain Duhamel
13%
1960 Syndicaliste / Secrétaire général de la CGT,démissionne après avoir refait son appartement aux frais de l'organisation Thierry Lepaon
4%
Aucun quiz correspondant
Distribution des résultats
% des personnes avec chaque résultat
Percentile par nombre de réponses
Votre historique - résultats
Vous n’avez pas pris ce quiz